Los días de la sombra /
Guardado en:
| Autor Principal: | |
|---|---|
| Formato: | Libro |
| Publicado: |
Buenos Aires :
Norma
|
| Series: | La saga de los confines; No. 2
|
| Materias: | |
| Etiquetas: |
Agregar Etiqueta
Sin Etiquetas, Sea el primero en etiquetar este registro!
|
| LEADER | 00942nam a22002895a 4500 | ||
|---|---|---|---|
| 001 | CEM.cems011646 | ||
| 005 | 20070925105340.0 | ||
| 008 | 130507b######################000#0#####d | ||
| 003 | CEMS | ||
| 020 | |a 9875450693 | ||
| 082 | 0 | 4 | |a A863.4 |
| 100 | 1 | |a Bodoc, Liliana | |
| 245 | 1 | 0 | |a Los días de la sombra / |c Liliana Bodoc |
| 260 | |a Buenos Aires : |b Norma | ||
| 300 | |a 382 p. | ||
| 490 | 0 | |a La saga de los confines; No. 2 | |
| 653 | |a Literatura | ||
| 653 | |a Literatura argentina-siglo 21 | ||
| 653 | |a Literatura juvenil | ||
| 653 | |a Novelas juveniles argentinas | ||
| 653 | |a Novelas argentinas-siglo 21 | ||
| 653 | |a Narrativa | ||
| 653 | |a Epica fantástica | ||
| 653 | |a Narrativa argentina | ||
| 859 | |a CEMS |b BIB. CEMS - 11 de abril |h A863.4 |i B632 |p 22601.04 |t Ej.1 |v II |3 II | ||
| 859 | |a CEMS |b BIB. CEMS - 11 de abril |h A863.4 |i B632 |p 23659.06 |t Ej.2 |v II |3 II | ||
| 859 | |a CEMS |b BIB. CEMS - 11 de abril |h A863.4 |i B632 |p 26827.14 |t Ej.3 |v II |3 II | ||
